000 nam a22 7a 4500
999 _c8747
_d8747
008 180119b ||||| |||| 00| 0 eng d
100 _aParti.N.M.etal.
_9964
245 _aExploring mathematics
260 _aNew Delhi
_bRachna
_c2007